Attuali detentori dei record di Cubo di Rubik - Statistics

Statistiche generali
  • Questo quiz è stato fatto 3 volte
  • Il punteggio medio è 12 su 33
Statistiche sulle risposte
Formato Disciplina Persona Tempo/ risultato Nazione % Corretto
Singolo 4X4 Max Park 15.71 Usa
67%
Singolo 6X6 Max Park 57.69 Usa
67%
Media 6X6 Max Park 1:05.66 Usa
67%
Singolo 7X7 Max Park 1:34.15 Usa
67%
Media 7X7 Max Park 1:39.68 Usa
67%
Media 4X4 Tymon Kolasiński 19.17 Polonia
67%
Singolo 5X5 Tymon Kolasiński 30.45 Polonia
67%
Media 5X5 Tymon Kolasiński 34.31 Polonia
67%
Singolo 3X3 Xuanyi Geng 3.05 Cina
67%
Media 3X3 Yiheng Wang 3.90 Cina
67%
Singolo Megaminx Aidan Grainger 22.89 Regno Unito
33%
Singolo Skewb Carter Kucala 0.75 Usa
33%
Singolo 3X3 OH Dhruva Sai Meruva 5.66 Svizzera
33%
Media 3X3 OH Luke Garrett 7.72 Usa
33%
Singolo Square-1 Ryan Pilat 3.41 Usa
33%
Singolo 3X3 FMC Sebastiano Tronto Aedan Bryant Levi Gibson Jacob Sherwen Brown 16 ItaliaUsa Usa Regno Unito
33%
Singolo 4X4 Bld Stanley Chapel 51.96 Usa
33%
Media 4X4 Bld Stanley Chapel 59.39 Usa
33%
Singolo 5X5 Bld Stanley Chapel 2:02.28 Usa
33%
Media 5X5 Bld Stanley Chapel 2:27.63 Usa
33%
Singolo 2X2 Teodor Zajder 0.43 Polonia
33%
Media Megaminx Timofei Tarasenko 25.36 Russia
33%
Singolo 3X3 Bld Tommy Cherry 12.00 Usa
33%
Media 3X3 Bld Tommy Cherry 14.05 Usa
33%
Media 2X2 Yiheng Wang 0.88 Cina
33%
Media Skewb Ignacy Samselski 1.37 Polonia
0%
Media Clock Lachlan Gibson 2.28 Nuova Zelanda
0%
Media 3X3 FMC Radomił Baran 19.67 Polonia
0%
Singolo 3X3 Multi-Blind Rowe Hessler 63/66 59:50 Usa
0%
Media Square-1 Sameer Aggarwal 4.63 Usa
0%
Media Pyraminx Sebastian Lee 1.15 Australia
0%
Singolo Pyraminx Simon Kellum 0.73 Usa
0%
Singolo Clock Volodymyr Kapustianskyi 1.64 Usa
0%
Nessun quiz corrispondente trovato
Distribuzione punteggi
Percentuale di utenti per punteggio
Percentile per numero di risposta
I tuoi punteggi nel tempo
Non hai fatto questo quiz